000 00756nam a22002177a 4500
003 UA-OsUOA
001 109034
007 ta
008 20141125b un ||||| |||| 00| 0 ukr d
100 _aКравчук Г.
090 _a81
_bК78
942 _cSA
040 _aUA-OsUOA
_bukr
_cUA-OsUOA
_dUA-OsUOA
245 _aСучасні дискусії навколо українського правопису. Зміни й доповнення мовознавців
300 _aС.9-17
955 _a0
041 _aukr
080 _a81
773 0 _w109033
_tУкраїнська мова та література
_dК.
_d2014
_g20
650 7 _a8 Мовознавство. Художня література. Літературознавство
_2UDC
999 _c395260
_d395260